000 00932nam0a22002771 4500
001 v19\rc\1674518
005 20250619014554.0
035 _a(NLR Aleph) 004781460
090 _a4676615
_c4676615
100 _a20061002d1894 |||y0rusy50 ca
101 0 _arus
102 _aRU
105 _aa z |||||
200 1 _aЭлектричество в домашнем быту
_e(Практ. руководство для любителей)
_fСост. Н. Довяковский
210 _aСанкт-Петербург
_cтип. П.П. Сойкина
_d1894
215 _a195 с.
_cил.
_d16
700 1 _aДовяковский
_bН.Н.
_gНиколай Николаевич
_4220
801 0 _aRU
_bNLR
_gpsbo
801 0 _aRU
_bRuMoRGB
_2psbo
801 1 _aRU
_bProSoft-M
_2rusmarc
852 _aNLR
_j20.102.7.10
852 _aNLR
_j128/3004
899 _aRuMoRGB
_jU 417/435
899 _aНБ СПбГУ
942 _cBOOK
980 _aNB